| 000 | 00926cam a2200265Ia 4500 | ||
|---|---|---|---|
| 001 | 5028105 | ||
| 005 | 20150713141730.0 | ||
| 008 | 041122s2004 enk b 001 0 eng d | ||
| 020 | _a0232525803 | ||
| 035 | _a(OCoLC)ocm56983275 | ||
| 035 | _a(NNC)5028105 | ||
| 040 |
_aEMT _cEMT _dOCLCQ |
||
| 050 | 4 |
_aBF51 _b.Y68 2004 |
|
| 100 | 1 |
_aYoung, Jeremy. _918004 |
|
| 245 | 1 | 4 |
_aThe cost of certainty : _bhow religious conviction betrays the human psyche / _cJeremy Young. |
| 260 |
_aLondon : _bDarton, Longman and Todd, _c2004. |
||
| 300 |
_avii, 191 p. ; _c22 cm. |
||
| 504 | _aIncludes bibliographical references (p. 180-184) and index. | ||
| 650 | 0 |
_aPsychology and religion _xChristianity. _918005 |
|
| 650 | 0 |
_aPastoral psychology. _97889 |
|
| 650 | 0 |
_aPolarity _xReligious aspects _xChristianity _918006 |
|
| 650 | 0 |
_aUncertainity _xReligious aspects _xChristianity _918007 |
|
| 942 |
_2lcc _cMONOGRAPH |
||
| 999 |
_c122888 _d122888 |
||